Quizzes
Events
Quiz Creation
Community
Videos
Private Events
Remove Ads
Sign In
Join for FREE
Feedback
Dark Mode
Quiz Categories
Sports
Geography
Music
Movies
Television
Just For Fun
Miscellaneous
History
Literature
Language
Science
Gaming
Entertainment
Religion
Holiday
For Kids
Quiz Lab
Recent
Popular Today
Quiz Kudos Today
Editor Picks
Curator Picks
Quizzes by...
Day
Popularity
Type
Ratings
Length
Year
Community
Subscriptions
Recent Discussions
Orange Saloon
Badges
Playlists
Quests
Create
Leaderboards
Showdown
Live 5
Trivia Bingo
Activity
Puzzle Library
Sporcle Events
Private Events
Virtual Trivia
Globe League
Become a Host
Pub Owners
SporcleCon
Opinionation
Our Games
Videos
Blog
Mobile Apps
Partnerships
Remove Ads and Go Orange
Feedback
Literature
Harry Potter
A Song of Ice and Fire
The Hunger Games
Literary Character
Shakespeare
Book
Author
Novel
Poem
Young Adult
Children's Books
Play
Lord of the Rings
Literature
Harry Potter
A Song of Ice and Fire
The Hunger Games
Literary Character
Shakespeare
Book
Author
Novel
Poem
Young Adult
Children's Books
Play
Lord of the Rings
Random Quiz
Search Sporcle
×
Quiz Lab
Quiz Lab
Literature
Harry Potter
Type in answers that appear in a list
Type in answers that appear in a list
Classic
Best Score? Go Orange.
Harry Potter Character Names That Start with 'E'. Stats
Can you name the Harry Potter Names That Start with 'E'.
By
meekerdouglas
5m
30 Questions
216 Plays
216 Plays
216 Plays
Comments
Comments
Give Quiz Kudos
Give Quiz Kudos
-
- Ratings
hide this ad
More Info
Replay
Link that replays current quiz
Next Quiz
Link to next quiz in quiz playlist
You Got
0%
They Got
Avg Score
9%
Avg Friend Score
Upgrade to see
Score Distribution
Jump to the score distribution portion of the page
Score
0/30
Timer
05:00
0
Plays Today
Hint
Character
% Correct
Ernie Macmillan
56.5%
Errol
50.9%
Elphias Doge
38.4%
Ernie Prang
23.6%
Emmeline Vance
16.7%
Everard
10.6%
Eloise Midgen
6.9%
Euan Abercrombie
6.5%
Edgar Bones
6%
Evan Rosier
6%
Emeric the Evil
5.6%
Eddie Carmichael
5.1%
Enid Longbottom
4.6%
Elladora Black
4.2%
Emma Dobbs
3.2%
Hint
Character
% Correct
Eric Munch
2.8%
Emeric Switch
2.8%
Eleanor Branstone
2.3%
Edgar Clogg
2.3%
Elfric the Eager
2.3%
Eldred Worple
2.3%
Elfrinda Clagg
1.9%
Eargit the Awful
1.9%
Ellerby
1.9%
Elladora Ketteridge
1.9%
Erica Stainwright
1.9%
Elias Gimstone
1.4%
Eunice Murray
1.4%
Elliot Smethwyk
1.4%
Edgar Stroulger
1.4%
Quiz Playlist
Details
Report
Send in Message
Add To Playlist
More Info:
FIRST NAMES ONLY
Classic:
Type in answers that appear in a list
Last Updated: Feb 16, 2017
Quiz Scoreboard
CHALLENGE
Sign Up to Join the Scoreboard
Show All
Scores
Hide
Comments
May contain spoilers
Recently Published
9x9 Crossword: Cartoon Network
by jackfrog10
Miscellaneous
3m
College Basketball Coaching Resumes
by pancakes188
Sports
9m
Billboard Blitz: Fleetwood Mac
by CooCooCachoo
Music
15s
More to Explore
Quiz From the Vault
Featured Blog Post
Where Did the Easter Bunny Come From?
hide this ad
You Might Also Like...
Tags
Harry Potter Quiz
Today's Top Quizzes in Literature
Browse Literature
hide this ad
Today's Top Quizzes in Harry Potter
Browse Harry Potter
Top Contributed Quizzes in Literature
1
Sneaky Slytherin Logic Puzzle
2
Get The Picture: Black or White Literature
3
5-to-1: Plays
4
A Court of Thorns and Roses (ACoTaR) Logic Puzzle
5
One Thing in Common: Literature
6
One Thing in Common: Literature II
7
One Thing in Common: Literature 3
8
One Thing in Common: Books
9
Literary Siblings Odd One Out III
10
Harry Potter Neighbourly Logic Puzzle #1
Explore More
Trending Topics
Harry Potter
Kpop
NBA
Anime
Disney
Marvel
Crossword
The Office
Puzzle
Pokémon
Country
WWE
NFL
Song
Soccer
hide this ad
More By:
meekerdouglas
Quiz
Plays
Rating
Category
Featured
Created
Guess the lyrics of a Taylor Swift song with NO HINT?!
3,158
3.50
Music
Sep 13, 2016
Harry Potter Characters in Order of Appearance
538
1.50
Movies
Oct 1, 2016
Name the Disney Movie With One Word! (Hard)
417
1.50
Movies
Sep 14, 2016
HP Characters in Less Than 7 Films
355
1.67
Movies
Sep 16, 2016
Name Every Character in Frozen
321
3.00
Movies
Sep 13, 2016
Go to Creator's Profile
Score Distribution
Quiz Creator Spotlight
meekerdouglas
Follow
Send a Message
Quizzes Created
-
Created Quiz Play Count
-
More By This Creator
Popular Quizzes Today
1
Find the US States - No Outlines Minefield
2
Find the Countries of Europe - No Outlines Minefield
3
The Countries of the World
4
Find the US States
5
Risky Map Clicking: Biggest States A-Z
6
US States
7
Popular People in 1961
8
Movies - When Are They Set?
More Literature Quizzes
Multi-Category Minefield Blitz: Literature
Published
Trending Quizzes
Risky Map Clicking: Least Populous States A-Z
1-10 Letter G Words
Risky Map Clicking: Next State Alphabetically
Adjectives in 80s TV Shows
Risky Map Clicking: Biggest States A-Z
Recently Updated
Leaping Animals
pecheneg
Reality TV Shows (A-Z)
bhenderson79
Rickey Henderson's Hall of Fame Teammates
pecheneg
Champions League XIs: Arsenal
pecheneg
Quick Pick: Celebrities in WWE's Hall of Fame
aduchscher
A-Z Keypad Blitz II
pecheneg
Multiple Oscar Actors
pecheneg
Mystery Phrase Blitz: Oscar 'Best Actors'
pecheneg
F. Scott Fitzgerald Novels
LTH
Pick 3 Villains
ddd62291
Trending Topics
Crossword
NBA
Harry Potter
Disney
Marvel
Kpop
Anime
Song
WWE
Pokémon
NFL
Soccer
Country
Puzzle
The Office
Your Account Isn't Verified!
In order to create a playlist on Sporcle, you need to verify the email address you used during registration. Go to your
Sporcle Settings
to finish the process.
Report this User
Report this user for behavior that violates our
Community Guidelines
.
Details:
Send Report
Go to the Sporcle.com Mobile Site →
Comments